House prices rise for second consecutive month (Record no. 114027)

MARC details
000 -LEADER
fixed length control field 01084cad a22002055a 4500
001 - CONTROL NUMBER
control field L156096
008 - FIXED-LENGTH DATA ELEMENTS--GENERAL INFORMATION
fixed length control field 120430e20120430xxk f 000 0 eng d
035 ## - SYSTEM CONTROL NUMBER
System control number (Sirsi) u156096
041 0# - LANGUAGE CODE
Language code of text/sound track or separate title eng
100 1# - MAIN ENTRY--PERSONAL NAME
Personal name Donnell, Richard
245 00 - TITLE STATEMENT
Title House prices rise for second consecutive month
Medium [electronic resource]
260 ## - PUBLICATION, DISTRIBUTION, ETC.
Date of publication, distribution, etc. 2011
490 #0 - SERIES STATEMENT
Series statement Hometrack Monthly National Housing Survey
Volume/sequential designation 30 April 2012
520 ## - SUMMARY, ETC.
Summary, etc. House prices increased by 0.1% in April 2012, the second monthly increase in a row. A clear divide continues to grow between markets in and around London and the rest of the country. Whilst the strongest price rises were in London with a 0.3% increase and with small gains of 0.1% across the regions of southern England, prices elsewhere were either static or falling.
590 ## - LOCAL NOTE (RLIN)
Local note KA
651 #4 - SUBJECT ADDED ENTRY--GEOGRAPHIC NAME
Geographic name United Kingdom
Chronological subdivision
690 ## - LOCAL SUBJECT ADDED ENTRY--TOPICAL TERM (OCLC, RLIN)
Topical term or geographic name as entry element Residential property
9 (RLIN) 6266
856 40 - ELECTRONIC LOCATION AND ACCESS
Uniform Resource Identifier <a href="https://www.hometrack.co.uk/our-insight/monthly-national-house-price-survey/house-prices-up-for-second-month-in-a-row">https://www.hometrack.co.uk/our-insight/monthly-national-house-price-survey/house-prices-up-for-second-month-in-a-row</a>
Public note View this item free of charge at www.hometrack.co.uk
942 ## - ADDED ENTRY ELEMENTS (KOHA)
Suppress in OPAC 0
Holdings
Withdrawn status Lost status Source of classification or shelving scheme Damaged status Not for loan Home library Current library Shelving location Date acquired Total Checkouts Full call number Barcode Date last seen Copy number Price effective from Koha item type
    Dewey Decimal Classification     Virtual Virtual Online 30/04/2012   ONLINE PUBLICATION 156096-2001 06/08/2019 1 06/08/2019 Book